[Event "Challenge"]
[Site "http://www.queenalice.com/game.php?id=202946"]
[Date "2007.4.26"]
[Round "-"]
[White "victim1"]
[Black "los2013"]
[Result "0-1"]
[WhiteElo "1021"]
[BlackElo "1086"]

1. e4 e5 2. d3 Bb4+ 3. Bd2 Nc6 4. g4 Qg5 5. h3 a5 6. Nf3 Qf4 7. Bg2 h5 8. c4
hxg4 9. hxg4 Rh6 10. g5 Rg6 11. Rh8 Kf8 12. a3 Qg4 13. Kf1 Nd4 14. axb4 Nxf3 15.
Bxf3 Qe6 16. bxa5 f5 17. Bh5 fxe4 18. dxe4 Qh3+ 19. Ke2 Rd6 20. Ra3 Qh4 21. Rf3+
Ke7 22. Rxg8 Qxh5 23. Rxg7+ Ke8 24. c5 Qh8 25. Rxd7 Bxd7 26. Rf5 Bb5+ 27. Ke1
Qh1# 0-1

[Event "Challenge"]
[Site "http://www.queenalice.com/game.php?id=202948"]
[Date "2007.4.26"]
[Round "-"]
[White "KILLAH"]
[Black "los2013"]
[Result "1-0"]
[WhiteElo "1500"]
[BlackElo "1134"]

1. b4 Na6 2. Ba3 b5 3. h4 Bb7 4. Rh3 Nf6 5. Re3 c5 6. bxc5 b4 7. c3 bxa3 8. Nxa3
Nxc5 9. Rb1 Ba6 10. f4 Qa5 11. Nh3 Qxa3 12. Qb3 Nxb3 13. c4 Qxa2 14. Rexb3 Bxc4
15. Rb8+ Rxb8 16. Rxb8# 1-0

[Event "Challenge"]
[Site "http://www.queenalice.com/game.php?id=205855"]
[Date "2007.5.4"]
[Round "-"]
[White "victim1"]
[Black "los2013"]
[Result "0-1"]
[WhiteElo "1029"]
[BlackElo "1130"]

1. e4 d5 2. Bb5+ c6 3. Bd3 Nd7 4. Qh5 Ngf6 5. Qg4 Ne5 6. Qh3 dxe4 7. Qe3 Nd5 8.
Qxe4 f6 9. Nf3 f5 10. Qxe5 g6 11. Qxh8 Nf6 12. Ng5 h6 13. Nh7 Nxh7 14. Qxh7 Be6
15. Qxg6+ Bf7 16. Qxf5 Qd5 17. Qh7 Qe5+ 18. Be4 Rd8 19. h4 Rd4 20. d3 Qa5+ 21.
c3 Rd6 22. b4 Qa4 23. Rh3 Bh5 24. Rf3 Rf6 25. Rxf6 Qd1# 0-1

[Event "Challenge"]
[Site "http://www.queenalice.com/game.php?id=209644"]
[Date "2007.5.12"]
[Round "-"]
[White "los2013"]
[Black "KILLAH"]
[Result "1-0"]
[WhiteElo "1223"]
[BlackElo "1348"]

1. a4 c5 2. a5 Na6 3. d4 c4 4. Na3 Qxa5+ 5. Bd2 Qd5 6. Nf3 e5 7. Nxe5 d6 8.
Nexc4 Qxd4 9. e3 Qh4 10. g3 Qh6 11. e4 g5 12. Nb5 f5 13. Nbxd6+ Bxd6 14. e5 Bb4
15. Ne3 Ne7 16. c3 f4 17. Ng4 Bxg4 18. Qxg4 Bc5 19. Bb5+ Nc6 20. c4 Rg8 21. Qd1
Rg6 22. Qa4 Re6 23. Bc3 Rxe5+ 24. Bxe5 Rd8 25. Bxa6 Bxf2+ 26. Kxf2 Rd2+ 27. Ke1
Rxb2 28. Bb5 a6 29. Bxc6+ bxc6 30. Qxa6 Rb8 31. Bxb8 Qe6+ 32. Kd1 Qe4 33. Re1
fxg3 34. Rxe4+ Kf7 35. Qxc6 gxh2 36. Ra7+ Kg8 37. Qc8# 1-0

[Event "Challenge"]
[Site "http://www.queenalice.com/game.php?id=214682"]
[Date "2007.5.22"]
[Round "-"]
[White "victim1"]
[Black "los2013"]
[Result "0-1"]
[WhiteElo "1089"]
[BlackElo "1163"]

1. h4 d5 2. e3 c6 3. Rh3 Qd6 4. Nc3 h5 5. d4 Bg4 6. f3 Bf5 7. a4 e6 8. Ra3 Bxh3
9. Nxh3 Qg3+ 10. Ke2 Bd6 11. Rb3 Rh6 12. Rxb7 Nd7 13. Qe1 Rg6 14. e4 e5 15. dxe5
Nxe5 16. f4 Nd3 17. cxd3 Qxe1+ 18. Kxe1 Bc5 19. exd5 Rg3 20. Rb5 Re3+ 21. Kd2
Bd4 22. d6 Kd7 23. Ne4 cxb5 24. axb5 Rb8 25. Nhg5 Nf6 26. b4 Rc8 27. Be2 Nd5 28.
Bxh5 Bc3+ 29. Nxc3 Rxc3 30. Bb2 Rcxd3+ 31. Kc2 Nxb4+ 32. Kb1 Re1+ 33. Bc1 Rb3+
34. Ka1 Rxc1# 0-1

[Event "Challenge"]
[Site "http://www.queenalice.com/game.php?id=219228"]
[Date "2007.6.1"]
[Round "-"]
[White "victim1"]
[Black "los2013"]
[Result "0-1"]
[WhiteElo "1132"]
[BlackElo "1195"]

1. e4 d5 2. Nc3 d4 3. Nd5 e6 4. Nf4 Nf6 5. f3 g5 6. Nfh3 g4 7. fxg4 Nxe4 8. Bd3
Qh4+ 9. Kf1 Nf6 10. Qf3 Nxg4 11. Qe4 e5 12. Bb5+ c6 13. Bc4 Nd7 14. a4 Nc5 15.
Qe2 Qf6+ 16. Ke1 Qh4+ 17. Kf1 Nf2 18. Qxf2 Qxf2+ 19. Kxf2 Ne4+ 20. Kf3 Bf5 21.
Ng5 Nxg5+ 22. Kg3 Rg8 23. Nf3 Ne4+ 24. Kh4 Be7+ 25. Ng5 Bxg5+ 26. Kh5 Nf6# 0-1

[Event "Challenge"]
[Site "http://www.queenalice.com/game.php?id=219430"]
[Date "2007.6.1"]
[Round "-"]
[White "Losme"]
[Black "los2013"]
[Result "1-0"]
[WhiteElo "1290"]
[BlackElo "1272"]

1. d4 c6 2. Nf3 e5 3. Nxe5 Qa5+ 4. Bd2 Qd5 5. e3 f6 6. Nc3 Qa5 7. Nc4 Qd8 8. Ne4
d5 9. Nc3 dxc4 10. Bxc4 b5 11. Bb3 Na6 12. O-O h5 13. Qf3 Nb4 14. Ne4 h4 15. g3
Qc7 16. a3 hxg3 17. fxg3 Nh6 18. Bxb4 Bg4 19. Nxf6+ gxf6 20. Qxf6 Bh3 21. Qxh8
Bxf1 22. Rxf1 Qg7 23. Rxf8+ Qxf8 24. Qxf8+ Kd7 25. Qxa8 Kc7 26. Qxa7+ Kc8 27.
Qa6+ Kc7 28. Be7 1-0

[Event "Challenge"]
[Site "http://www.queenalice.com/game.php?id=219526"]
[Date "2007.6.2"]
[Round "-"]
[White "farofa38"]
[Black "los2013"]
[Result "1-0"]
[WhiteElo "1510"]
[BlackElo "1264"]

1. g4 d5 2. h3 Nc6 3. e3 b5 4. Bxb5 Bd7 5. Nf3 Na5 6. Ba6 e6 7. Ne5 Rb8 8. Qf3
Qf6 9. Qxf6 gxf6 10. Nd3 Rb6 11. b4 Rxa6 12. bxa5 Rxa5 13. Bb2 h5 14. f3 Bd6 15.
g5 Bg3+ 16. Ke2 d4 17. Bxd4 Rh7 18. gxf6 Ra4 19. Rg1 h4 20. Nc3 Ra5 21. Ne4 Bh2
22. Rxg8# 1-0

[Event "Challenge"]
[Site "http://www.queenalice.com/game.php?id=227891"]
[Date "2007.6.20"]
[Round "-"]
[White "KILLAH"]
[Black "los2013"]
[Result "1-0"]
[WhiteElo "1362"]
[BlackElo "1293"]

1. g4 d5 2. Bg2 Bxg4 3. f3 Bd7 4. b3 e5 5. Bb2 Bc5 6. Nh3 Qh4+ 7. Kf1 Qf2+ 8.
Nxf2 h5 9. Nd3 Be7 10. Nxe5 Rh6 11. c4 Nf6 12. cxd5 Bb5 13. d3 Na6 14. Nc3 Rd8
15. Nxb5 Rxd5 16. Nxa7 Bd6 17. f4 Ng4 18. Bxd5 Bc5 19. Nxg4 hxg4 20. b4 Bxa7 21.
a3 Rg6 22. d4 Rd6 23. Bxb7 g5 24. fxg5 f6 25. b5 Nb8 26. h3 fxg5 27. hxg4 Rf6+
28. Kg2 Nd7 29. d5 1-0

[Event "Challenge"]
[Site "http://www.queenalice.com/game.php?id=313291"]
[Date "2007.12.1"]
[Round "-"]
[White "victim1"]
[Black "los2013"]
[Result "0-1"]
[WhiteElo "1128"]
[BlackElo "1232"]

1. e4 d5 2. e5 Nc6 3. d4 e6 4. Bb5 Bb4+ 5. Bd2 a6 6. Bxc6+ bxc6 7. Bxb4 Rb8 8.
Ba5 Qh4 9. Nf3 Rb7 10. b4 Qd8 11. c3 Rb5 12. Na3 Rb8 13. Qa4 Ne7 14. c4 dxc4 15.
Nxc4 Nd5 16. Qxc6+ Bd7 17. Qc5 h5 18. Qa7 h4 19. Qxa6 Nb6 20. Rc1 h3 21. Kf1 Ra8
22. Qb7 hxg2+ 23. Kxg2 f6 24. Nxb6 Rb8 25. Qe4 cxb6 26. Qg6+ Kf8 27. exf6 Qxf6
28. Qg5 bxa5 29. bxa5 Rb2 0-1

[Event "Challenge"]
[Site "http://www.queenalice.com/game.php?id=316290"]
[Date "2007.12.6"]
[Round "-"]
[White "los2013"]
[Black "rrainey22"]
[Result "0-1"]
[WhiteElo "1276"]
[BlackElo "1730"]

1. b4 e5 2. Bb2 e4 3. a3 d5 4. Nc3 c6 5. Na4 f5 6. Nc5 b6 7. Nb3 Be6 8. Be5 Nd7
9. Bd4 Ngf6 10. Nh3 h6 11. Nf4 Bf7 12. c4 g5 13. g3 gxf4 14. gxf4 dxc4 15. Nc1
Nb8 16. Bh3 Qxd4 17. Bxf5 Qxa1 0-1